Sports Quiz

Random Sports Quiz

Longest Mariners extra-base hit droughts Quiz Stats

 Plays Quiz not verified by Sporcle

Challenge
Share
Tweet
Embed
Score 0/77 Timer 15:00
0 Plays Today
Year Player % Correct
2008Ichiro Suzuki
79.9%
2012Ichiro Suzuki
79.9%
2011Jack Wilson
73.3%
2006Jose Lopez
60.5%
2012Dustin Ackley
59.3%
2012Dustin Ackley
59.3%
2015Mike Zunino
57.9%
2010Chone Figgins
49.8%
2010Chone Figgins
49.8%
2011Chone Figgins
49.8%
1980Julio Cruz
46.8%
1978Julio Cruz
46.8%
1977Julio Cruz
46.8%
1979Julio Cruz
46.8%
1978Julio Cruz
46.8%
1982Julio Cruz
46.8%
2010Brendan Ryan
45.6%
2012Brendan Ryan
45.6%
2012Brendan Ryan
45.6%
2008Richie Sexson
43.2%
2002John Olerud
41.9%
1994Alex Rodriguez
40.4%
1989Omar Vizquel
38.8%
1993Omar Vizquel
38.8%
1989Omar Vizquel
38.8%
1993Omar Vizquel
38.8%
1992Omar Vizquel
38.8%
1992Omar Vizquel
38.8%
1993Omar Vizquel
38.8%
1989Omar Vizquel
38.8%
1990Omar Vizquel
38.8%
2011Michael Saunders
37.9%
1989Harold Reynolds
37.7%
1991Harold Reynolds
37.7%
1987Scott Bradley
37.4%
1984Phil Bradley
37.4%
1988Scott Bradley
37.4%
1990Scott Bradley
37.4%
2011Franklin Gutierrez
36.8%
Year Player % Correct
2009Franklin Gutierrez
36.8%
2007Willie Bloomquist
36.6%
2005Willie Bloomquist
36.6%
2000Carlos Guillen
36.6%
2008Willie Bloomquist
36.6%
1978Craig Reynolds
36.1%
2000David Bell
36.1%
1977Craig Reynolds
36.1%
2014Austin Jackson
30.9%
2000Mark McLemore
29.3%
2014Chris Taylor
28.1%
1984Spike Owen
20.4%
1986Spike Owen
20.4%
1996Luis Sojo
19%
1980Mario Mendoza
18.6%
1979Mario Mendoza
18.6%
1979Mario Mendoza
18.6%
1979Mario Mendoza
18.6%
1991Greg Briley
18%
2010Casey Kotchman
17.7%
1987Ken Phelps
16.2%
1994Keith Mitchell
11.4%
1992Pete O'Brien
11.3%
1984Jack Perconte
10.7%
1988Mario Diaz
10%
1999Brian Hunter
9.8%
1984Bob Kearney
5.5%
1984John Moses
4.2%
1980Larry Milbourne
3.6%
1977Dave Collins
3%
1984Pat Putnam
3%
2003Rey Sanchez
2.7%
1985Domingo Ramos
2.5%
1981Bud Bulling
1.8%
1990Jeff Schaefer
1.6%
1981Jerry Narron
1.5%
1983Orlando Mercado
1.5%
1982Paul Serna
1%

You're not logged in!

Compare scores with friends on all Sporcle quizzes.
Join for Free
OR
Log In

You Might Also Like...

Show Comments

Extras

Top Quizzes Today


Score Distribution

Your Account Isn't Verified!

In order to create a playlist on Sporcle, you need to verify the email address you used during registration. Go to your Sporcle Settings to finish the process.

Report this User

Report this user for behavior that violates our Community Guidelines.

Details: